| 000 | 01894nam a2200505 c 4500 | ||
|---|---|---|---|
| 001 | 6725 | ||
| 003 | ES-MaCES | ||
| 005 | 20150925142047.0 | ||
| 008 | 980420s1997 sp ||| | spa d | ||
| 017 |
_aM-21079-1997 _bDL |
||
| 020 | _a8447602923 | ||
| 024 | 7 |
_a101-97-087-0 _2nipo |
|
| 035 | _aCES19980067867m | ||
| 040 |
_aES-MaCES _bspa _cES-MaCES |
||
| 041 | 1 |
_aspa _heng |
|
| 245 | 0 | 0 |
_aCuestiones clave sobre la reforma fiscal _cDonald J. S. Brean ... [et al.] ; Cedric Sandford (editor) ; [traducción, Félix Domínguez Barrero (1.ª parte), Katy Balan Somio (2.ª parte), Carlos Luengo Martín (3.ª parte) ; revisión de trad., Julio López Laborda] |
| 260 |
_aMadrid _bInstituto de Estudios Fiscales _c1997 |
||
| 300 |
_a275 p. _c24 cm |
||
| 490 | 1 | _aEstudios de hacienda pública | |
| 500 | _aTraducción de: Key issues in Tax reform | ||
| 504 | _aBibliografía. Indice | ||
| 541 | _cCompra | ||
| 650 | 4 |
_atributación _928093 |
|
| 650 | 4 |
_aadministración fiscal _927209 |
|
| 650 | 4 |
_areforma tributaria _928091 |
|
| 650 | 4 |
_aimpuesto sobre la renta de personas físicas _928084 |
|
| 650 | 4 |
_aimpuesto sobre sociedades _928081 |
|
| 650 | 4 |
_aimpuesto al valor añadido _928094 |
|
| 650 | 4 |
_aEspaña _926964 |
|
| 650 | 4 |
_ainternacional _926674 |
|
| 650 | 4 |
_aestudio de casos _928846 |
|
| 653 | 1 | 0 | _aFiscalidad |
| 650 | 4 |
_928086 _aimpuesto |
|
| 700 | 1 |
_aBrean, Donald J. S. _98281 |
|
| 700 | 1 |
_aSandford, Cedric _eed. lit. _923382 |
|
| 700 | 1 |
_aDomínguez Barrero, Félix _etr. _910882 |
|
| 700 | 1 |
_aBalan Somio, Katy _etr., 2ª parte _96932 |
|
| 700 | 1 |
_aLuego Martín, Carlos _etr. _917128 |
|
| 700 | 1 |
_aLópez Laborda, Julio _etr. _916927 |
|
| 710 | 2 |
_aInstituto de Estudios Fiscales (Madrid) _eed. _94158 |
|
| 830 | 0 |
_aEstudios de hacienda pública _932240 |
|
| 902 | _aLIB Libro | ||
| 942 |
_2CES _cBK _h0.1. |
||
| 999 |
_c6725 _d6725 |
||